• Albertelli Luigi

di Personal Name

Records bibliografici associati: 1

001 - CONTROL NUMBER

  • control field: 7542

003 - CONTROL NUMBER IDENTIFIER

  • control field: IT-RoPau

005 - DATE AND TIME OF LATEST TRANSACTION

  • control field: 20140104204611.0

008 - FIXED-LENGTH DATA ELEMENTS

  • fixed length control field: 140104|| aca||aabn | a|a d

040 ## - CATALOGING SOURCE

  • Original cataloging agency: IT-RoPau
  • Transcribing agency: IT-RoPau

100 ## - HEADING--PERSONAL NAME

  • Personal name: Albertelli Luigi
  • Miscellaneous information: Codice autore musica SPICS: 14330
  • Relator term: Autore musica
  • Name of part/section of a work: Furia

670 ## - SOURCE DATA FOUND

  • Source citation: Work cat.: (IT-RoPau)99893: AA.VV. 794, Canzoncine del west (Lp Lpup 5128)
CREDITS: SOCIETA' SAN PAOLO Via A.Severo, 58 - ROMA (RM) & PERIODICI SAN PAOLO SRL Via Giotto, 36 MILANO & CISF Via Giotto, 36 MILANO & EDIZIONI SAN PAOLO SRL,  Piazza Soncino, 5 CINISELLO BALSAMO (MI) -- ITALY